Tilastot visalle Olympialaisiin osallistuneet maat

Klikkaa tästä pelataksesi tätä visaa!

Yleistilastot

  • Tätä visaa on pelattu 26 kertaa
    (24 viimeisimmän päivityksen jälkeen)
  • Keskiarvotulos 140 / 206

Vastaukset kartalla

Vastauksille on annettu kartalla punavihreä väri sen mukaan, kuinka moni on saanut sen oikein.
 

Vastaustilastot

% Oikein
Pohjois-AmerikkaYhdysvallat
95%
EurooppaRuotsi
90%
EurooppaSuomi
90%
AasiaKiina
85%
Pohjois-AmerikkaKanada
85%
Pohjois-AmerikkaKuuba
85%
EurooppaNorja
85%
EurooppaAlbania
80%
AasiaArmenia
80%
EurooppaAlankomaat
80%
EurooppaBelgia
80%
EurooppaIso-Britannia
80%
AasiaIsrael
80%
EurooppaBosnia ja Hertsegovina
80%
EurooppaBulgaria
80%
Pohjois-AmerikkaCosta Rica
80%
EurooppaEspanja
80%
Pohjois-AmerikkaHaiti
80%
AasiaIrak
80%
AasiaIran
80%
EurooppaIrlanti
80%
EurooppaIslanti
80%
EurooppaItalia
80%
EurooppaItävalta
80%
AasiaJapani
80%
EurooppaKosovo
80%
EurooppaKreikka
80%
EurooppaLatvia
80%
EurooppaLiechtenstein
80%
EurooppaLiettua
80%
EurooppaLuxemburg
80%
EurooppaMalta
80%
Pohjois-AmerikkaMeksiko
80%
EurooppaMoldova
80%
EurooppaMontenegro
80%
EurooppaPohjois-Makedonia
80%
EurooppaPortugali
80%
EurooppaPuola
80%
EurooppaRanska
80%
EurooppaRomania
80%
EurooppaSaksa
80%
EurooppaSerbia
80%
EurooppaSlovakia
80%
EurooppaSlovenia
80%
EurooppaSveitsi
80%
EurooppaTanska
80%
EurooppaTšekki
80%
AasiaTurkki
80%
EurooppaUkraina
80%
EurooppaUnkari
80%
EurooppaValko-Venäjä
80%
AasiaVenäjä
80%
EurooppaViro
80%
AasiaAfganistan
75%
Etelä-AmerikkaArgentiina
75%
OseaniaAustralia
75%
Pohjois-AmerikkaBahama
75%
AasiaBahrain
75%
AasiaBangladesh
75%
Etelä-AmerikkaBolivia
75%
OseaniaUusi-Seelanti
75%
Etelä-AmerikkaChile
75%
AfrikkaEgypti
75%
Pohjois-AmerikkaEl Salvador
75%
AasiaGeorgia
75%
Pohjois-AmerikkaHonduras
75%
AasiaIndonesia
75%
AasiaIntia
75%
Pohjois-AmerikkaJamaika
75%
AasiaJemen
75%
AasiaKirgisia
75%
EurooppaKroatia
75%
AasiaKuwait
75%
AasiaKypros
75%
AasiaLibanon
75%
EurooppaMonaco
75%
AasiaMongolia
75%
OseaniaNauru
75%
AasiaNepal
75%
AasiaOman
75%
Etelä-AmerikkaParaguay
75%
Etelä-AmerikkaPeru
75%
AasiaQatar
75%
EurooppaSan Marino
75%
AasiaSaudi-Arabia
75%
AasiaSyyria
75%
AasiaThaimaa
75%
Etelä-AmerikkaUruguay
75%
AasiaYhdistyneet arabiemiirikunnat
75%
AfrikkaAlgeria
70%
EurooppaAndorra
70%
Etelä-AmerikkaBrasilia
70%
Pohjois-AmerikkaDominica
70%
Pohjois-AmerikkaDominikaaninen tasavalta
70%
Etelä-AmerikkaEcuador
70%
AasiaEtelä-Korea
70%
OseaniaFidži
70%
AasiaFilippiinit
70%
AasiaJordania
70%
AasiaKazakstan
70%
AfrikkaKenia
70%
OseaniaKiribati
70%
Etelä-AmerikkaKolumbia
70%
AasiaLaos
70%
AasiaMalesia
70%
OseaniaMikronesia
70%
AasiaMyanmar
70%
AasiaPakistan
70%
Pohjois-AmerikkaPanama
70%
AasiaPohjois-Korea
70%
AfrikkaRuanda
70%
AasiaSingapore
70%
AfrikkaSudan
70%
Etelä-AmerikkaSuriname
70%
AfrikkaTunisia
70%
AasiaTurkmenistan
70%
OseaniaTuvalu
70%
AasiaUzbekistan
70%
Etelä-AmerikkaVenezuela
70%
AasiaVietnam
70%
AasiaAzerbaidžan
65%
Pohjois-AmerikkaBelize
65%
AasiaBhutan
65%
AasiaBrunei
65%
AfrikkaEritrea
65%
AfrikkaEtelä-Afrikka
65%
AfrikkaEtelä-Sudan
65%
AfrikkaEtiopia
65%
AfrikkaGambia
65%
AfrikkaGhana
65%
Pohjois-AmerikkaGuatemala
65%
Etelä-AmerikkaGuyana
65%
AasiaItä-Timor
65%
AasiaKiinalainen Taipei
65%
AfrikkaKongon demokraattinen tasavalta
65%
AfrikkaKongon tasavalta
65%
AfrikkaLibya
65%
AfrikkaMadagaskar
65%
AasiaMalediivit
65%
AfrikkaMali
65%
AfrikkaMarokko
65%
AfrikkaMauritania
65%
AfrikkaMauritius
65%
AfrikkaNamibia
65%
Pohjois-AmerikkaNicaragua
65%
AfrikkaNiger
65%
AfrikkaNigeria
65%
AfrikkaNorsunluurannikko
65%
OseaniaPalau
65%
AasiaPapua-Uusi-Guinea
65%
AfrikkaSenegal
65%
AfrikkaSomalia
65%
AasiaSri Lanka
65%
AasiaTadžikistan
65%
AfrikkaTšad
65%
AfrikkaUganda
65%
AfrikkaZimbabwe
65%
OseaniaAmerikan Samoa
60%
AfrikkaAngola
60%
Pohjois-AmerikkaAntigua ja Barbuda
60%
Pohjois-AmerikkaBarbados
60%
AfrikkaBenin
60%
AfrikkaBotswana
60%
AfrikkaGabon
60%
Pohjois-AmerikkaGrenada
60%
AfrikkaGuinea
60%
AasiaKambodža
60%
AfrikkaKamerun
60%
AfrikkaKeski-Afrikan tasavalta
60%
AfrikkaLesotho
60%
AfrikkaLiberia
60%
OseaniaMarshallinsaaret
60%
AfrikkaPäiväntasaajan Guinea
60%
Pohjois-AmerikkaSaint Vincent ja Grenadiinit
60%
OseaniaSalomonsaaret
60%
AfrikkaSambia
60%
OseaniaSamoa
60%
AfrikkaTansania
60%
OseaniaTonga
60%
Pohjois-AmerikkaTrinidad ja Tobago
60%
OseaniaVanuatu
60%
AfrikkaBurkina Faso
55%
AfrikkaBurundi
55%
AfrikkaDjibouti
55%
AfrikkaGuinea-Bissau
55%
AfrikkaKap Verde
55%
AfrikkaKomorit
55%
AfrikkaMalawi
55%
AfrikkaMosambik
55%
Pohjois-AmerikkaSaint Kitts ja Nevis
55%
AfrikkaSeychellit
55%
AfrikkaTogo
55%
Pohjois-AmerikkaSaint Lucia
50%
AfrikkaSão Tomé ja Príncipe
50%
AfrikkaSwazimaa
50%
AfrikkaSierra Leone
45%
AasiaPalestiina
35%
AasiaHongkong
30%
Pohjois-AmerikkaBrittiläiset Neitsytsaaret
25%
Pohjois-AmerikkaYhdysvaltain Neitsytsaaret
25%
OseaniaGuam
20%
Pohjois-AmerikkaAruba
15%
Pohjois-AmerikkaPuerto Rico
15%
Pohjois-AmerikkaBermuda
10%
Pohjois-AmerikkaCaymansaaret
10%
OseaniaCookinsaaret
10%

Tulosjakauma

Persentiili vastausten määrän mukaan

Jokaisen tuloksen saaneiden osuus

Tuloshistoriasi

Et ole pelannut tätä visaa sen viimeisimmän päivityksen jälkeen